| Tag |
First Indicator |
Second Indicator |
Subfields |
| LEADER |
00000cam a2200000 i 4500 |
| 001 |
in00000410083 |
| 005 |
20230801165708.0 |
| 008 |
790207s1977 fr af b 001 0 fre |
| 010 |
|
|
|a 78387663
|
| 019 |
|
|
|a 4807546
|a 658280747
|
| 020 |
|
|
|a 2720504963
|
| 020 |
|
|
|a 9782720504969
|
| 029 |
1 |
|
|a AU@
|b 000040118724
|
| 029 |
1 |
|
|a NLGGC
|b 786103019
|
| 035 |
|
|
|a (OCoLC)ocm04226904
|
| 035 |
|
|
|a (OCoLC)4226904
|z (OCoLC)4807546
|z (OCoLC)658280747
|
| 035 |
|
|
|a (OCoLC)ocm04226904
|
| 040 |
|
|
|a DLC
|b eng
|c DLC
|d AGL
|d NLGGC
|d OCLCG
|d ZWZ
|d OCLCO
|d OCLCF
|d OCLCQ
|d OCLCO
|
| 050 |
0 |
0 |
|a QL467
|b .V52
|
| 070 |
|
|
|a QL465.V5
|
| 082 |
0 |
0 |
|a 595.7
|
| 084 |
|
|
|a 42.75
|2 bcl
|
| 100 |
1 |
|
|a Villiers, André,
|d 1915-1983.
|
| 245 |
1 |
2 |
|a L'entomologiste amateur /
|c André Villiers.
|
| 260 |
|
|
|a Paris :
|b Lechevalier,
|c 1977.
|
| 300 |
|
|
|a 248 pages, 12 unnumbered leaves of plates :
|b illustrations ;
|c 18 cm.
|
| 336 |
|
|
|a text
|b txt
|2 rdacontent
|
| 337 |
|
|
|a unmediated
|b n
|2 rdamedia
|
| 338 |
|
|
|a volume
|b nc
|2 rdacarrier
|
| 490 |
1 |
|
|a Savoir en histoire naturelle ;
|v 27,
|x 0301-4320
|
| 504 |
|
|
|a Includes bibliographical references (pages 232-240).
|
| 500 |
|
|
|a Includes indexes.
|
| 650 |
|
0 |
|a Insects.
|
| 650 |
|
3 |
|a Insects
|x Collection and preservation.
|
| 650 |
|
6 |
|a Insectes.
|
| 650 |
|
7 |
|a Insects.
|2 fast
|0 (OCoLC)fst00974074
|
| 650 |
|
7 |
|a Entomologie.
|2 ram
|
| 650 |
|
7 |
|a Insectes.
|2 ram
|
| 776 |
0 |
8 |
|i Online version:
|a Villiers, André, 1915-1983.
|t Entomologiste amateur.
|d Paris : Lechevalier, 1977
|w (OCoLC)691000255
|
| 830 |
|
0 |
|a Savoir en histoire naturelle ;
|v 27.
|x 0301-4320
|
| 948 |
|
|
|h HELD BY TXA - 16 OTHER HOLDINGS
|
| 994 |
|
|
|a Z0
|b TXA
|
| 999 |
f |
f |
|s 82cfd40c-eedd-3a87-acfd-e810d3fd1c27
|i 9f978c8d-fe0d-3e40-a7e5-b922d4168148
|t 0
|
| 952 |
f |
f |
|p ric
|a Texas A&M University
|b Rellis Campus
|c Joint Library Facility
|d Remote Storage
|t 0
|e QL467 .V52
|h Library of Congress classification
|i unmediated -- volume
|m A14809343787
|
| 998 |
f |
f |
|a QL467 .V52
|t 0
|l Remote Storage
|